000 00726nam a2200217Ii 4500
003 JO-AjNU
008 230605s9999||||xx |||||||||||||| ||und||
017 _a2012/12/2074
040 _aJO-AjNU
_bara
_erda
_cJO-AjNU
041 _aara
050 1 4 _aLB1585.F535 2013
100 3 _aالفلاح، فخري علي إبراهيم,
_eauthor
_948270
245 0 0 _aمعايير البناء للمنهاج وطرق تدريس العلوم
250 _aط1
264 3 1 _aعمان:دار يافا العلمية،2013
300 _a405ص
336 _atext
_btxt
_2rdacontent
337 _aunmediated
_bn
_2rdamedia
338 _avolume
_bnc
_2rdacarrier
650 4 _aأساليب تدريس-التعليم-العلوم
_948271
999 _aA21127
_c24695
_d24695